En nombre de Dios / (Record no. 192811)

MARC details
000 -LEADER
campo de control de longitud fija 01347nam a2200361 i 4500
001 - NÚMERO DE CONTROL
campo de control 192811
003 - IDENTIFICADOR DE NÚMERO DE CONTROL
campo de control SpMaBN
005 - FECHA Y HORA DE LA ÚLTIMA TRANSACCIÓN
campo de control 20240314063034.0
008 - DATOS DE LONGITUD FIJA--INFORMACIÓN GENERAL
campo de control de longitud fija 230529s1994 sp | ||| ||spa
016 7# - NÚMERO DE CONTROL DE UNA AGENCIA BIBLIOGRÁFICA NACIONAL
Número de control del registro bimoBNE19950033725
Fuente SpMaBN
017 ## - NÚMERO DE COPYRIGHT O DE DEPÓSITO LEGAL
Número de copyright o de depósito legal B 569-1994
Agencia que asigna Oficina Depósito Legal Barcelona
020 ## - NÚMERO INTERNACIONAL ESTÁNDAR DEL LIBRO
Número Internacional Estándar del Libro 8422648415
035 ## - NÚMERO DE CONTROL DEL SISTEMA
Número de control de sistema (OCoLC)433546621
040 ## - FUENTE DE CATALOGACIÓN
Centro catalogador/agencia de origen SpMaBN
Lengua de catalogación spa
Centro/agencia transcriptor SpMaBN
Normas de descripción rdc
Centro/agencia modificador ES-MaACL
080 ## - NÚMERO DE LA CLASIFICACIÓN DECIMAL UNIVERSAL
Número de la Clasificación Decimal Universal 929 Juan Pablo I, Papa
080 ## - NÚMERO DE LA CLASIFICACIÓN DECIMAL UNIVERSAL
Número de la Clasificación Decimal Universal 262.133.5
100 1# - ENTRADA PRINCIPAL--NOMBRE DE PERSONA
Nombre de persona Yallop, David A.
9 (RLIN) 226455
Término indicativo de función/relación Autor
245 10 - MENCIÓN DEL TÍTULO
Título En nombre de Dios /
Mención de responsabilidad, etc. David A. Yallop ; traducción de Sebastián Bel Spino
260 ## - PUBLICACIÓN, DISTRIBUCIÓN, ETC.
Lugar de publicación, distribución, etc. Barcelona :
Nombre del editor, distribuidor, etc. Círculo de Lectores,
Fecha de publicación, distribución, etc. [1994]
300 ## - DESCRIPCIÓN FÍSICA
Extensión 478 páginas, [16] páginas de láminas (blanco y negro) ;
Dimensiones 23 cm
500 ## - NOTA GENERAL
Nota general Índice onomástico
520 ## - RESUMEN, ETC.
Sumario, etc. Investigación sobre el asesinato de Juan Pablo I
534 ## - NOTA SOBRE LA VERSIÓN ORIGINAL
Frase introductoria Título original: In God's name
600 04 - PUNTO DE ACCESO ADICIONAL DE MATERIA--NOMBRE DE PERSONA
Nombre de persona Juan Pablo
Numeración I,
Títulos y otros términos asociados al nombre Papa
Fuente del encabezamiento o término embne
9 (RLIN) 67129
610 24 - PUNTO DE ACCESO ADICIONAL DE MATERIA--NOMBRE DE ENTIDAD CORPORATIVA
Nombre de entidad corporativa o nombre de jurisdicción como elemento de entrada Iglesia Católica-
Subdivisión general Finanzas
Fuente del encabezamiento o término embne
9 (RLIN) 4650
700 1# - ENTRADA AGREGADA--NOMBRE PERSONAL
9 (RLIN) 235536
Nombre de persona Bel Spino, Sebastián
Término indicativo de función/relación Traductor
852 ## - LOCALIZACIÓN
Ubicación ES-MaACL
Sublocalización o colección R.152728
Ubicación en estantería Depósito J
Donativo/Legado Donación: José Lázaro García
Número de control de estantería N-8433
Encuadernación Cartoné
itemnumber 200112
903 ## - NOMBRE PERSONAL DE DONANTE
9 234219
a Lázaro García, José
e Donante
942 ## - ELEMENTOS DE ENTRADA SECUNDARIOS (KOHA)
Tipo de ítem Koha Libro impreso
Suprimir en OPAC No
Holdings
Estatus retirado Estado de pérdida Fuente del sistema de clasificación o colocación Estado de daño No para préstamo Biblioteca de origen Biblioteca actual Ubicación en estantería Fecha de adquisición Fuente de adquisición Total de préstamos Signatura topográfica completa Código de barras Visto por última vez Tipo de ítem Koha
    Clasificación decimal universal     Biblioteca del Ateneo de Madrid Biblioteca del Ateneo de Madrid Depósito J 19/05/2015 Donación   N-8433 101205404 29/05/2023 Libro impreso